<?xml version="1.0" encoding="UTF-8"?>
<record
    xmlns:xsi="http://www.w3.org/2001/XMLSchema-instance"
    xsi:schemaLocation="http://www.loc.gov/MARC21/slim http://www.loc.gov/standards/marcxml/schema/MARC21slim.xsd"
    xmlns="http://www.loc.gov/MARC21/slim">

  <leader>00468nam a22001457a 4500</leader>
  <controlfield tag="005">20150608094331.0</controlfield>
  <controlfield tag="008">150608b        xxu||||| |||| 00| 0 eng d</controlfield>
  <datafield tag="040" ind1=" " ind2=" ">
    <subfield code="c">PK-LaUMT</subfield>
  </datafield>
  <datafield tag="082" ind1=" " ind2=" ">
    <subfield code="a">KHC 954.9205</subfield>
    <subfield code="b">HAS-I</subfield>
  </datafield>
  <datafield tag="100" ind1=" " ind2=" ">
    <subfield code="a">Hasan-Askari Rizvi</subfield>
  </datafield>
  <datafield tag="245" ind1=" " ind2=" ">
    <subfield code="a">Internal strife and external intervention </subfield>
    <subfield code="b">India's role in the civil war in east Pakistan [Bangladesh]</subfield>
    <subfield code="c">Hasan-Askari Rizvi</subfield>
  </datafield>
  <datafield tag="260" ind1=" " ind2=" ">
    <subfield code="a">Lahore</subfield>
    <subfield code="b">Progressive publishers</subfield>
    <subfield code="c">1981</subfield>
  </datafield>
  <datafield tag="300" ind1=" " ind2=" ">
    <subfield code="a">313 p.</subfield>
  </datafield>
  <datafield tag="942" ind1=" " ind2=" ">
    <subfield code="c">BK</subfield>
  </datafield>
  <datafield tag="999" ind1=" " ind2=" ">
    <subfield code="c">73057</subfield>
    <subfield code="d">73057</subfield>
  </datafield>
  <datafield tag="952" ind1=" " ind2=" ">
    <subfield code="0">0</subfield>
    <subfield code="1">0</subfield>
    <subfield code="4">0</subfield>
    <subfield code="7">0</subfield>
    <subfield code="a">01</subfield>
    <subfield code="b">01</subfield>
    <subfield code="d">2015-06-08</subfield>
    <subfield code="l">0</subfield>
    <subfield code="o">KHC 954.9205 HAS-I</subfield>
    <subfield code="p">69192</subfield>
    <subfield code="r">2015-06-08 00:00:00</subfield>
    <subfield code="w">2015-06-08</subfield>
    <subfield code="y">BK</subfield>
  </datafield>
</record>
